Loading...

Samaya ke sawal /

Bibliographic Details
Main Author: Sehgal, Pratap
Format: Printed Book
Language:Hindi
Published: New Delhi: Vani Prakashan, c2005.
LEADER 00525nam a22001457a 4500
008 140827b xxu||||| |||| 00| 0 hin d
020 |a 8181433270  |c INR195.00 
100 |a Sehgal, Pratap 
245 |a Samaya ke sawal / 
260 |a New Delhi:  |b Vani Prakashan,  |c c2005. 
300 |a 131 p.; 
546 |a In Hindi. 
942 |c BK 
999 |c 246777  |d 246777 
952 |0 0  |1 0  |4 0  |6 S_51  |7 0  |9 273985  |a HIN  |b HIN  |c S-51  |d 2014-12-16  |e The Book Shop, Publication Division, University of Calicut  |g 195.00  |i 23292  |l 0  |o S-51  |p HIN23292  |r 2014-12-16  |w 2018-08-23  |y BK